[Event "AZE-ch Prelim 76th"]
[Site "Nakhchivan"]
[Date "2022.02.09"]
[Round "5"]
[White "Sevdimaliyev, Urfan"]
[Black "Mustafayev, Farid Farman Oglu"]
[Result "1-0"]
[WhiteElo "2353"]
[BlackElo "2322"]
[PlyCount "71"]
[EventDate "2022.02.05"]
[EventType "swiss"]
[EventRounds "9"]
[EventCountry "AZE"]
[SourceTitle "CBM 206 Extra"]
[Source "ChessBase"]
[SourceDate "2022.03.31"]
[SourceVersion "1"]
[SourceVersionDate "2022.03.31"]
[SourceQuality "1"]

1. e4 Nf6 2. e5 Nd5 3. d4 Nb6 4. a4 a5 5. Nf3 d6 6. exd6 cxd6 7. d5 e5 8. dxe6 Bxe6 9. Bb5+ Nc6 10. 0-0 Be7 11. Nd4 Bd7 12. Be2 0-0 13. Nc3 Re8 14. Bf3 Nxd4 15. Qxd4 Bc6 16. Nd5 Nd7 17. Be3 Bg5 18. Bxg5 Qxg5 19. h4 Qg6 20. Qf4 Bxd5 21. Bxd5 Rac8 22. Rfe1 Ne5 23. Bxb7 Rxc2 24. b4 Rb2 25. b5 Rb4 26. Re4 Rxe4 27. Bxe4 Qe6 28. Rd1 Rb8 29. Bd5 Qe7 30. h5 h6 31. Qf5 Qh4 32. Be4 Ng4 33. Qf4 Rc8 34. b6 Rc4 35. b7 Rb4 36. Rb1 1-0